No hay mañana sin ayer : (Record no. 21622)

000 -CABECERA
fixed length control field 01049nam a22003017a 4500
003 - IDENTIFICADOR DEL NÚMERO DE CONTROL
control field AR-CdUCM
008 - DATOS DE LONGITUD FIJA--INFORMACIÓN GENERAL
fixed length control field 201015b ||||| |||| 00| 0 spa d
020 ## - NÚMERO INTERNACIONAL ESTÁNDAR DEL LIBRO
ISBN 9789876913539
040 ## - FUENTE DE LA CATALOGACIÓN
Agencia/entidad que catalogó originalmente la obra MUNICIPALIDAD PROVINCIAL DEL CUSCO
Entidad que transcribió la catalogación BIBLIOTECA MUNICIPAL DEL CUSCO
082 ## - NÚMERO DE LA CLASIFICACIÓN DECIMAL DEWEY
No. de Clasificación 303.625/N6
Notacion interna N6
245 ## - MENCIÓN DE TÍTULO
Título No hay mañana sin ayer :
Resto del título batallas por la memoria histórica en el Cono Sur /
Mención de responsabilidad Steve J. Stern, Peter Winn, Fedrico Lorenz ... [et al.] ; traducción, Yolanda Westphalen Rodríguez
260 ## - PUBLICACIÓN, DISTRIBUCIÓN, ETC.
Lugar de publicación, distribución, etc. Buenos Aires ;
Nombre de la editorial, distribuidor, etc. Biblos,
Fecha de publicación, distribución, etc. 2015.
300 ## - DESCRIPCIÓN FÍSICA
Nº de Páginas Extensión 373 páginas. :
Dimensiones 22 cm.
650 ## - PUNTO DE ACCESO ADICIONAL DE MATERIA--TÉRMINO DE MATERIA
Descriptor Memoria colectiva
9 (RLIN) 1121
650 ## - PUNTO DE ACCESO ADICIONAL DE MATERIA--TÉRMINO DE MATERIA
Descriptor Violencia política
9 (RLIN) 7220
650 ## - PUNTO DE ACCESO ADICIONAL DE MATERIA--TÉRMINO DE MATERIA
Descriptor Conflicto social
9 (RLIN) 45013
650 ## - PUNTO DE ACCESO ADICIONAL DE MATERIA--TÉRMINO DE MATERIA
Descriptor Luchas sociales
9 (RLIN) 9086
650 ## - PUNTO DE ACCESO ADICIONAL DE MATERIA--TÉRMINO DE MATERIA
Descriptor Derechos humanos
9 (RLIN) 3264
650 ## - PUNTO DE ACCESO ADICIONAL DE MATERIA--TÉRMINO DE MATERIA
Descriptor Aspectos políticos
9 (RLIN) 8399
650 ## - PUNTO DE ACCESO ADICIONAL DE MATERIA--TÉRMINO DE MATERIA
Descriptor Chile
9 (RLIN) 1150
650 ## - PUNTO DE ACCESO ADICIONAL DE MATERIA--TÉRMINO DE MATERIA
Descriptor Argentina
9 (RLIN) 511
650 ## - PUNTO DE ACCESO ADICIONAL DE MATERIA--TÉRMINO DE MATERIA
Descriptor Uruguay
9 (RLIN) 2511
700 ## - PUNTO DE ACCESO ADICIONAL--NOMBRE DE PERSONA
Nombre Personal Stern, Steve J
9 (RLIN) 30285
700 ## - PUNTO DE ACCESO ADICIONAL--NOMBRE DE PERSONA
Nombre Personal Winn, Peter
9 (RLIN) 45564
700 ## - PUNTO DE ACCESO ADICIONAL--NOMBRE DE PERSONA
Nombre Personal Lorenz, Federico
9 (RLIN) 45565
942 ## - ELEMENTOS DE PUNTO DE ACCESO ADICIONAL (KOHA)
Fuente de clasificación
Tipo de item Libros-BMC
945 ## - PROCESAMIENTO DE INFORMACIÓN LOCAL (OCLC)
Catalogador Roel
Holdings
Estado de retiro (separado) Fuente de clasificación o esquema de estanterías Estado dañado Ubicación Sala donde se ubica Nombre de la colección Fecha de adquisición o compra Fuente de adquisición Costo, precio normal en soles Signatura topográfica Código de Barras Última vez visto (Koha) Tipo de ítem (Koha)
No     Sala Humanidades Sala Humanidades Book Cart 2020-10-16 Compra 50.00 303.625/N6 SH0000016127 2020-10-16 Libros-BMC
No     Sala Humanidades Sala Humanidades Book Cart 2020-10-16 Compra 50.00 303.625/N6/e.2 SH0000016128 2020-10-16 Libros-BMC

Powered by Koha